• 首页
  • 本馆介绍
  • 公告通知
  • 最新文献
  • 馆藏检索
  • 电子资源
  • 读者导购
  • 参考咨询
  • 我的图书馆
  • 登录
  • 详细信息显示
  • 放入我的书架
  • 预约/预借图书
  • 作者相关作品
  • 分类相关作品
  • 丛书相关作品
  • 出版社相关作品

书目信息

  • 表格格式
  • 工作单格式
  • 卡片格式
题名:
中国进境植物检疫性有害生物
    
 
作者: 印丽萍 主编
分册:   杂草卷
出版信息: 北京   中国农业出版社  2018
页数: 210页, [32] 页图版
开本: 26cm
丛书名:
单 册:
中图分类: S412
科图分类:
主题词: 植物检疫--zhi wu jian yi--国境检疫--中国 , 杂草--za cao--国境检疫--中国
电子资源:
ISBN: 978-7-109-22517-6
000 00976nam0 2200265 450
001 012001000413
005 20131106085309.0
010    @a978-7-109-22517-6@dCNY75.00
099    @aCAL 012019077827
100    @a20190617d2018 em y0chiy50 ea
101 0  @achi
102    @aCN@b110000
105    @aafk a 000yy
106    @ar
200 1  @a中国进境植物检疫性有害生物@Azhong guo jin jing zhi wu jian yi xing you hai sheng wu@i杂草卷@f印丽萍主编
210    @a北京@c中国农业出版社@d2018
215    @a210页, [32] 页图版@c彩图@d26cm
320    @a有书目
330    @a本书按照恩格勒分类系统与《中国植物志》分类和排列,介绍了有害杂草的名称、地理分布、寄主、危害情况、传入途径、传播方式、防治方法等。书中还包括了双边协定中的23个种属的杂草。
606 0  @a植物检疫@Azhi wu jian yi@x国境检疫@y中国
606 0  @a杂草@Aza cao@x国境检疫@y中国
690    @aS412@v5
701  0 @a印丽萍@Ayin li ping@4主编
801  0 @aCN@b北京卓展文化@c20191020
905    @b1196086-8@dS412@e152@f3
    
    中国进境植物检疫性有害生物.杂草卷/印丽萍主编.-北京:中国农业出版社,2018
    210页, [32] 页图版:彩图;26cm
    
    
    ISBN 978-7-109-22517-6:CNY75.00
    本书按照恩格勒分类系统与《中国植物志》分类和排列,介绍了有害杂草的名称、地理分布、寄主、危害情况、传入途径、传播方式、防治方法等。书中还包括了双边协定中的23个种属的杂草。
●
相关链接 在E读中查询图书 在五车中查询图书 在当当中查询图书 在豆瓣中查询图书


正题名:中国进境植物检疫性有害生物     索取号:S412/152         预约/预借

序号 登录号 条形码 馆藏地/架位号 状态 备注
1 1196086   211960868   第二样本阅览室/ [索取号:S412/152] 在馆    
2 1196087   211960877   第三借阅区/ [索取号:S412/152] 在馆    
3 1196088   211960886   第三借阅区/ [索取号:S412/152] 在馆    
唐山师范学院图书馆 欢迎您!
大连网信软件有限公司© 版权所有